00339nam a2200097Ia 4500008004100000100002100041245006400062260003900126650001500165856006100180160909s9999 xx 000 0 und d aDillingham, Anna aHappily Ever After: The Resolution of Trauma in Fairy Tales bPacifica Graduate Institute.c2016 aPSYCHOLOGY uhttp://pqdtopen.proquest.com/doc/1774020094.html?FMT=ABS